Quizzes
Events
Quiz Creation
Community
Videos
Private Events
Remove Ads
Sign In
Join for FREE
Feedback
Dark Mode
Quiz Categories
Sports
Geography
Music
Movies
Television
Just For Fun
Miscellaneous
History
Literature
Language
Science
Gaming
Entertainment
Religion
Holiday
For Kids
Quiz Lab
Recent
Popular Today
Quiz Kudos Today
Editor Picks
Curator Picks
Quizzes by...
Day
Popularity
Type
Ratings
Length
Year
Community
Subscriptions
Recent Discussions
Orange Saloon
Badges
Playlists
Quests
Create
Leaderboards
Showdown
Live 5
Trivia Bingo
Activity
Puzzle Library
Sporcle Events
Private Events
Virtual Trivia
Globe League
Become a Host
Pub Owners
SporcleCon
Opinionation
Our Games
Videos
Blog
Mobile Apps
Partnerships
Remove Ads and Go Orange
Feedback
Language
Vocabulary
Begins and Ends
Definition
Spanish
French
German
Italian
Chinese
Latin
Translation
Japanese
Language
Vocabulary
Begins and Ends
Definition
Spanish
French
German
Italian
Chinese
Latin
Translation
Japanese
Random Quiz
Search Sporcle
×
Featured
Featured
Language
Definition
Select answers by clicking on text or image buttons
Select answers by clicking on text or image buttons
Clickable
Best Score? Go Orange.
10 Words, 20 Definitions XXVI Stats
Can you quickly pick each word by its definition, where each word has two different definitions?
By
DesertSpartan
3m
20 Questions
21.3K Plays
21,318 Plays
21,318 Plays
Comments
Comments
Give Quiz Kudos
Give Quiz Kudos
-
- Ratings
hide this ad
Forced Order
Answers have to be entered in order
Answers have to be entered in order
Replay
Link that replays current quiz
Next Quiz
Link to next quiz in quiz playlist
You Got
0%
They Got
Avg Score
82%
Avg Friend Score
Upgrade to see
Score Distribution
Jump to the score distribution portion of the page
Score
0/20
Timer
03:00
1
Play Today
% Correct
Wave
93.1%
Caravan
92.1%
Grave
91.9%
Shave
91.5%
Avatar
91.1%
Cave
90.1%
Travel
89.9%
Caravan
86.4%
Maverick
86.2%
Travel
86%
% Correct
Wave
84.2%
Maverick
83.1%
Grave
78.2%
Stave
77.8%
Knave
77.7%
Stave
74.5%
Avatar
74.2%
Knave
69.2%
Cave
68.8%
Shave
56.6%
Quiz Playlist
Details
Report
Send in Message
Add To Playlist
Clickable:
Select answers by clicking on text or image buttons
Forced Order:
Answers have to be entered in order
Last Updated: Jul 30, 2020
Featured
Editor Pick in
Language
Quiz Scoreboard
CHALLENGE
Sign Up to Join the Scoreboard
Show All
Scores
Hide
Comments
May contain spoilers
Recently Published
An Introduction to Baseball
by treessimontrees
Sports
5m
Movies - When Are They Set?
by FPL_Elf
Movies
5m
Popular People in 1961
by mucciniale
History
6m
More to Explore
Quiz From the Vault
Featured Blog Post
Where Did the Easter Bunny Come From?
hide this ad
You Might Also Like...
Tags
Definition Quiz
Vocabulary Quiz
Word Play Quiz
ambiguous
English
English Words
Today's Top Quizzes in Language
Browse Language
hide this ad
Today's Top Quizzes in Definition
Browse Definition
Top Contributed Quizzes in Language
1
1-10 Letter F Words III
2
Order Up: Top 10 Most Native Spoken Languages
3
1-10 Letter G Words III
4
1-10 Letter H Words III
5
One Thing in Common: Italy
6
1-10 Letter I Words III
7
Weisst du, aus welchen Sprachen diese Wörter stammen?
8
1-10 Letter J Words III
9
Begins and Ends With AN
10
Celtic Nations in their Language
Explore More
Trending Topics
Marvel
Anime
NBA
Kpop
Harry Potter
Crossword
Disney
NFL
Puzzle
WWE
The Office
Country
Soccer
Song
Pokémon
hide this ad
More By:
DesertSpartan
Quiz
Plays
Rating
Category
Featured
Created
Clickable TV Catchphrases
201,776
4.54
Television
May 15, 2014
Multiple NCAA Champion States (Basketball)
168,604
4.46
Sports
Nov 24, 2013
TV Shows Named After Characters
157,949
4.47
Television
Dec 29, 2013
Name the Historical Figure Who...
154,147
4.44
History
Sep 1, 2013
Sort the Famous Brothers
153,896
4.40
Miscellaneous
Jan 31, 2015
Go to Creator's Profile
Score Distribution
Quiz Creator Spotlight
DesertSpartan
Follow
Send a Message
Quizzes Created
-
Created Quiz Play Count
-
More By This Creator
Popular Quizzes Today
1
Find the Countries of Europe - No Outlines Minefield
2
Find the US States - No Outlines Minefield
3
The Countries of the World
4
Popular People in 1961
5
US States
6
Find the US States
7
1-10 Letter E Words III
8
Risky Map Clicking: Biggest States A-Z
More Language Quizzes
Blitz! Ends in ...NGEE
Quiz Lab
Trending Quizzes
Risky Map Clicking: Least Populous States A-Z
1-10 Letter F Words
1-10 Letter G Words
One Thing in Common: United Kingdom
Not Quite an Element Typing Challenge
Recently Updated
Leaping Animals
pecheneg
Reality TV Shows (A-Z)
bhenderson79
Rickey Henderson's Hall of Fame Teammates
pecheneg
Champions League XIs: Arsenal
pecheneg
Quick Pick: Celebrities in WWE's Hall of Fame
aduchscher
A-Z Keypad Blitz II
pecheneg
Multiple Oscar Actors
pecheneg
Mystery Phrase Blitz: Oscar 'Best Actors'
pecheneg
F. Scott Fitzgerald Novels
LTH
Pick 3 Villains
ddd62291
Trending Topics
Crossword
Marvel
Anime
Kpop
Harry Potter
NBA
Disney
Song
The Office
Puzzle
NFL
Country
Soccer
Pokémon
WWE
Your Account Isn't Verified!
In order to create a playlist on Sporcle, you need to verify the email address you used during registration. Go to your
Sporcle Settings
to finish the process.
Report this User
Report this user for behavior that violates our
Community Guidelines
.
Details:
Send Report
Go to the Sporcle.com Mobile Site →
Comments